000 00493nam a22001577a 4500
003 NUST
038 _aNusrat Nadeem
082 _a200
100 _aKhan, Maria
_9130539
245 _aOn-The-Edge Detection of Tuberculosis using Deep Learning/
_cMaria Khan,
264 _aIslamabad:
_bSEECS NUST.
_c2025.
650 _aMS- Electrical Engineering
_923567
700 _aSupervisor: Dr. Usman Zabit
_9114425
856 _u http://10.250.8.41:8080/xmlui/handle/123456789/54388
942 _2ddc
_cSC
999 _c614734
_d614734